| 000 | 01126nam0a22003371 4500 | ||
|---|---|---|---|
| 001 | RU\NLR\A1SV\140774 | ||
| 005 | 20251203171251.9 | ||
| 035 | _a(NLR Aleph) 010782145 | ||
| 090 |
_a10073400 _c10073400 |
||
| 100 | _a20150609d1925 u y0rusy50 ca | ||
| 101 | 0 | _arus | |
| 102 | _aRU | ||
| 200 | 1 |
_aПодсолнечник _eКультура и селекция его по данным опыт. учреждений Юго-Востока _fЕ.М.Плачек |
|
| 205 |
_a2-е изд. _bиспр. и доп. |
||
| 210 |
_aМ. _cНовая деревня _d1925 |
||
| 215 |
_a54, [3] с. _cил., табл. _d23 см |
||
| 225 | _aНауч.-попул. б-ка по сел. хоз-ву | ||
| 300 | _aНапеч. в Саратове | ||
| 320 | _aБиблиогр.: 18 назв. | ||
| 620 | _dМосква | ||
| 620 | _dСаратов | ||
| 700 | 1 |
_aПлачек _bЕ.М. _f1878-1955 _gЕвгения Михайловна |
|
| 801 | 0 |
_aRU _bNLR _c20150609 |
|
| 899 | _aРГБ | ||
| 899 | _aКирОУНБ | ||
| 899 | _aРГБ | ||
| 899 | _aКирОУНБ | ||
| 942 | _cBOOK | ||
| 980 | _aNB | ||
| 980 | _aA1SV | ||